[Event "GBR-ch108 Week One Open"]
[Site "Torquay"]
[Date "2022.08.11"]
[Round "5"]
[White "Lane, Gary W"]
[Black "Rushbrooke, Remy"]
[Result "1-0"]
[WhiteElo "2328"]
[BlackElo "1912"]
[PlyCount "103"]
[EventDate "2022.08.08"]
[EventType "swiss"]
[EventRounds "7"]
[EventCountry "GBR"]
[SourceTitle "BritBase"]
[Source "John Saunders"]
[SourceDate "2021.06.05"]
[SourceVersion "1"]
[SourceVersionDate "2021.06.05"]
[SourceQuality "1"]

1. e4 e5 2. Nf3 Nf6 3. d4 Nxe4 4. Bd3 d5 5. Nxe5 Nd7 6. Nc3 Nxc3 7. bxc3 Bd6 8.
O-O O-O 9. Re1 Bxe5 10. dxe5 Nc5 11. Bf1 Be6 12. Ba3 b6 13. Qd4 Qe7 14. Bd3 f5
15. exf6 Rxf6 16. Qxd5 Bxd5 17. Rxe7 Nxd3 18. cxd3 Rg6 19. g3 Re6 20. Re1 Rxe1+
21. Rxe1 c5 22. c4 Bc6 23. Bb2 Re8 24. Be5 Rd8 25. Re3 b5 26. Kf1 bxc4 27. dxc4
Rd2 28. Ra3 Be4 29. Rxa7 Bf3 30. Bc3 Rc2 31. Be1 Be2+ 32. Kg2 Bxc4 33. a4 Bd5+
34. Kh3 Be6+ 35. Kh4 h6 36. g4 Ra2 37. a5 Bf7 38. h3 g5+ 39. Kg3 Ra3+ 40. Kh2
c4 41. a6 c3 42. Rc7 Rxa6 43. Bxc3 Rd6 44. h4 gxh4 45. Kh3 Rd3+ 46. Kxh4 Rf3
47. Bd4 Kh7 48. Be3 Kg7 49. Ra7 Kh7 50. g5 hxg5+ 51. Kxg5 Kg7 52. Kg4 1-0

[Event "GBR-ch108 Week One Open"]
[Site "Torquay"]
[Date "2022.08.11"]
[Round "5"]
[White "Skettos, Nicolas"]
[Black "Arkell, Keith C"]
[Result "0-1"]
[WhiteElo "1921"]
[BlackElo "2409"]
[PlyCount "118"]
[EventDate "2022.08.08"]
[EventType "swiss"]
[EventRounds "7"]
[EventCountry "GBR"]
[SourceTitle "BritBase"]
[Source "John Saunders"]
[SourceDate "2021.06.05"]
[SourceVersion "1"]
[SourceVersionDate "2021.06.05"]
[SourceQuality "1"]

1. e4 g6 2. d4 Bg7 3. Nf3 d6 4. Bc4 e6 5. Bb3 Nd7 6. O-O Ne7 7. Nbd2 h6 8. Re1
b5 9. c3 Rb8 10. Nf1 Bb7 11. a4 a6 12. axb5 axb5 13. Ng3 Ra8 14. Be3 Nf6 15.
Qd3 O-O 16. Qxb5 Rxa1 17. Rxa1 Bxe4 18. Nxe4 Nxe4 19. Bc2 Nf6 20. Qb7 Nfd5 21.
Ra7 Qb8 22. c4 Nxe3 23. fxe3 Nf5 24. Kf2 Bf6 25. Bxf5 gxf5 26. b4 c6 27. Ke2 e5
28. d5 cxd5 29. cxd5 Qd8 30. b5 e4 31. Nd2 Be5 32. b6 Qg5 33. Qa6 Qxg2+ 34. Kd1
Bc3 35. Qe2 Qg1+ 36. Kc2 Bxd2 37. Qxd2 Qf1 38. b7 Qb5 39. Ra8 f6 40. Qc3 Qxb7
41. Rxf8+ Kxf8 42. Qxf6+ Qf7 43. Qxd6+ Kg7 44. Qc6 Qh5 45. d6 Qe2+ 46. Kb3
Qxe3+ 47. Kb4 Qd4+ 48. Kb5 e3 49. Qd7+ Kg6 50. Qe6+ Kg5 51. Qe7+ Kg4 52. d7
Qd3+ 53. Kc6 e2 54. Qg7+ Kh5 55. Qf7+ Kh4 56. Qf6+ Kh3 57. Qxh6+ Kg2 58. Qg5+
Kh1 59. Qxf5 Qxf5 0-1

[Event "GBR-ch108 Week One Open"]
[Site "Torquay"]
[Date "2022.08.11"]
[Round "5"]
[White "Smith, Mark P"]
[Black "Collins, Jonathan L"]
[Result "1-0"]
[WhiteElo "1850"]
[BlackElo "1823"]
[PlyCount "80"]
[EventDate "2022.08.08"]
[EventType "swiss"]
[EventRounds "7"]
[EventCountry "GBR"]
[SourceTitle "BritBase"]
[Source "John Saunders"]
[SourceDate "2021.06.05"]
[SourceVersion "1"]
[SourceVersionDate "2021.06.05"]
[SourceQuality "1"]

1. d4 Nf6 2. c4 Nc6 3. Nc3 e5 4. d5 Ne7 5. e4 Ng6 6. h4 h5 7. Bg5 Bb4 8. Nge2
a5 9. Qc2 c6 10. g3 cxd5 11. cxd5 d6 12. Bg2 b5 13. O-O Qb6 14. Bxf6 gxf6 15.
Rac1 Bc5 16. a4 b4 17. Nb1 Ba6 18. Bf3 Rg8 19. Kh2 Nxh4 20. gxh4 Qd8 21. Rg1
Rh8 22. Ng3 f5 23. Nxf5 Bc8 24. Rg5 Qf6 25. Rcg1 Bxf5 26. exf5 e4 27. Qxe4+ Kd7
28. Be2 Rae8 29. Bb5+ Kd8 30. Bxe8 Rxe8 31. Rg8 Qe5+ 32. Qxe5 dxe5 33. Rxe8+
Kxe8 34. Kg2 Ke7 35. Kf3 Kd6 36. Ke4 Bxf2 37. Rg7 Ke7 38. Rh7 Bxh4 39. b3 Bg3
40. Rxh5 Bf4 1-0

[Event "GBR-ch108 Week One Open"]
[Site "Torquay"]
[Date "2022.08.11"]
[Round "6"]
[White "Rathbone-Jones, Ifan"]
[Black "Collins, Jonathan L"]
[Result "1-0"]
[WhiteElo "2006"]
[BlackElo "1823"]
[PlyCount "59"]
[EventDate "2022.08.08"]
[EventType "swiss"]
[EventRounds "7"]
[EventCountry "GBR"]
[SourceTitle "BritBase"]
[Source "John Saunders"]
[SourceDate "2021.06.05"]
[SourceVersion "1"]
[SourceVersionDate "2021.06.05"]
[SourceQuality "1"]

1. d4 Nf6 2. Bf4 c5 3. e3 g6 4. Nf3 Bg7 5. Be2 O-O 6. Nc3 Qb6 7. O-O d6 8. a4
Nc6 9. a5 Nxa5 10. Na4 Qc7 11. dxc5 Ne4 12. cxd6 Nxd6 13. c4 Naxc4 14. Bxc4 b5
15. Bxb5 Rb8 16. Bxd6 exd6 17. Bd3 Bd7 18. Nd4 Rb4 19. Nc3 Rxb2 20. Ncb5 Qb6
21. Rb1 Rxb1 22. Qxb1 Rb8 23. Nc3 Qd8 24. Qa2 Rc8 25. Ne4 Be5 26. Nf3 Be6 27.
Qa6 d5 28. Nxe5 dxe4 29. Bxe4 Bb3 30. Nc6 1-0

[Event "GBR-ch108 Week One Open"]
[Site "Torquay"]
[Date "2022.08.11"]
[Round "6"]
[White "Rushbrooke, Remy"]
[Black "Dignam, Matthew P"]
[Result "0-1"]
[WhiteElo "1912"]
[BlackElo "2080"]
[PlyCount "54"]
[EventDate "2022.08.08"]
[EventType "swiss"]
[EventRounds "7"]
[EventCountry "GBR"]
[SourceTitle "BritBase"]
[Source "John Saunders"]
[SourceDate "2021.06.05"]
[SourceVersion "1"]
[SourceVersionDate "2021.06.05"]
[SourceQuality "1"]

1. f4 Nf6 2. Nf3 g6 3. g3 Bg7 4. Bg2 O-O 5. O-O c5 6. d3 d5 7. c3 Nc6 8. Na3 a6
9. Nc2 Qc7 10. Nh4 e6 11. e4 c4 12. exd5 exd5 13. d4 Bg4 14. Qd2 Rfe8 15. Ne3
Rxe3 16. Qxe3 Re8 17. Qxe8+ Nxe8 18. Bxd5 Nxd4 19. cxd4 Bxd4+ 20. Kh1 c3 21.
bxc3 Qxc3 22. Rb1 Qd3 23. Ba3 Qxa3 24. f5 Nf6 25. Bxb7 Qxa2 26. fxg6 hxg6 27.
Rbc1 Be6 0-1

[Event "GBR-ch108 Week One Open"]
[Site "Torquay"]
[Date "2022.08.11"]
[Round "6"]
[White "Skettos, Nicolas"]
[Black "Lane, Gary W"]
[Result "1/2-1/2"]
[WhiteElo "1921"]
[BlackElo "2328"]
[PlyCount "79"]
[EventDate "2022.08.08"]
[EventType "swiss"]
[EventRounds "7"]
[EventCountry "GBR"]
[SourceTitle "BritBase"]
[Source "John Saunders"]
[SourceDate "2021.06.05"]
[SourceVersion "1"]
[SourceVersionDate "2021.06.05"]
[SourceQuality "1"]

1. e4 e5 2. Nf3 Nc6 3. Nc3 Nf6 4. d4 exd4 5. Nxd4 Bb4 6. Nxc6 bxc6 7. Bd3 d5 8.
exd5 cxd5 9. O-O O-O 10. Bg5 c6 11. Qf3 Be7 12. h3 Rb8 13. b3 Re8 14. Ne2 Ne4
15. Bxe7 Qxe7 16. Rad1 Ng5 17. Qg3 Rb4 18. c3 Rb6 19. Nd4 c5 20. Nf3 Ne4 21.
Bxe4 dxe4 22. Rfe1 f5 23. Ne5 Ra6 24. a4 Rb6 25. Nc4 Rxb3 26. Nd6 Rf8 27. Nxc8
Rxc8 28. Rd5 Rf8 29. Red1 f4 30. Qg4 Rxc3 31. Rd7 Qe5 32. R1d5 Rc1+ 33. Kh2 Qa1
34. Rxg7+ Qxg7 35. Rg5 Qxg5 36. Qxg5+ Kh8 37. Qe7 Kg8 38. Qg5+ Kh8 39. Qe5+ Kg8
40. Qxe4 1/2-1/2

[Event "GBR-ch108 Week One Open"]
[Site "Torquay"]
[Date "2022.08.11"]
[Round "6"]
[White "Tambini, Jasper"]
[Black "Smith, Mark P"]
[Result "0-1"]
[WhiteElo "2040"]
[BlackElo "1850"]
[PlyCount "78"]
[EventDate "2022.08.08"]
[EventType "swiss"]
[EventRounds "7"]
[EventCountry "GBR"]
[SourceTitle "BritBase"]
[Source "John Saunders"]
[SourceDate "2021.06.05"]
[SourceVersion "1"]
[SourceVersionDate "2021.06.05"]
[SourceQuality "1"]

1. e4 d6 2. Nc3 Nf6 3. f4 g6 4. Nf3 Bg7 5. d3 c5 6. Be2 Nc6 7. O-O Nd4 8. Nxd4
cxd4 9. Nb1 O-O 10. Nd2 a6 11. Nf3 Qb6 12. Qe1 Nxe4 13. dxe4 d3+ 14. Kh1 dxe2
15. Qxe2 Bd7 16. Rd1 Rac8 17. c3 Ba4 18. Re1 Bb5 19. Be3 Bxe2 20. Bxb6 Bxf3 21.
gxf3 Rc6 22. Be3 b5 23. f5 a5 24. Re2 Rc4 25. fxg6 fxg6 26. Kg2 Rfc8 27. Rd1 b4
28. cxb4 axb4 29. b3 Rc2 30. Rxc2 Rxc2+ 31. Rd2 Rc6 32. Kf2 Kf7 33. Ke2 Bc3 34.
Rc2 e6 35. Bd2 d5 36. Kd3 d4 37. a4 bxa3 38. Bxc3 dxc3 39. Rxc3 a2 0-1

[Event "GBR-ch108 Week One Open"]
[Site "Torquay"]
[Date "2022.08.12"]
[Round "7"]
[White "Collins, Jonathan L"]
[Black "Lane, Gary W"]
[Result "1/2-1/2"]
[WhiteElo "1823"]
[BlackElo "2328"]
[PlyCount "31"]
[EventDate "2022.08.08"]
[EventType "swiss"]
[EventRounds "7"]
[EventCountry "GBR"]
[SourceTitle "BritBase"]
[Source "John Saunders"]
[SourceDate "2021.06.05"]
[SourceVersion "1"]
[SourceVersionDate "2021.06.05"]
[SourceQuality "1"]

1. e4 e5 2. Nf3 Nc6 3. Bc4 Bc5 4. d3 Nf6 5. c3 a6 6. a4 d6 7. Nbd2 O-O 8. O-O
Ba7 9. Re1 Ng4 10. Re2 Kh8 11. h3 Nh6 12. Nf1 f5 13. Bxh6 gxh6 14. exf5 Bxf5
15. Bd5 Rb8 16. Qd2 1/2-1/2

[Event "GBR-ch108 Week One Open"]
[Site "Torquay"]
[Date "2022.08.12"]
[Round "7"]
[White "Rathbone-Jones, Ifan"]
[Black "Tambini, Jasper"]
[Result "1-0"]
[WhiteElo "2006"]
[BlackElo "2040"]
[PlyCount "143"]
[EventDate "2022.08.08"]
[EventType "swiss"]
[EventRounds "7"]
[EventCountry "GBR"]
[SourceTitle "BritBase"]
[Source "John Saunders"]
[SourceDate "2021.06.05"]
[SourceVersion "1"]
[SourceVersionDate "2021.06.05"]
[SourceQuality "1"]

1. d4 d5 2. Nf3 Nf6 3. g3 e6 4. c4 Be7 5. Bg2 O-O 6. O-O b6 7. Nc3 Bb7 8. Qc2
Nbd7 9. Rd1 Rc8 10. cxd5 exd5 11. Nb5 c5 12. Nxa7 Ra8 13. Nb5 Ne4 14. Ne5 Ndf6
15. f3 Nd6 16. Nxd6 Bxd6 17. Bg5 cxd4 18. Bxf6 Qxf6 19. Nd7 Qe7 20. Nxf8 Rxf8
21. a3 Ba6 22. Bf1 Bc5 23. Kg2 Qe3 24. Qd2 Qb3 25. Rac1 Re8 26. Qc2 Qe3 27. Qd2
Qb3 28. Rc2 Bc4 29. Rdc1 Re3 30. Qd1 g6 31. Rd2 Qb5 32. b4 Be7 33. Rxd4 Bf6 34.
Rd2 d4 35. a4 Qd5 36. Qc2 b5 37. axb5 Bxb5 38. Qc5 Qd7 39. Qc8+ Kg7 40. Qxd7
Bxd7 41. Rcd1 Bb5 42. Rb1 h5 43. h4 Be5 44. f4 Bf6 45. Kf2 Rc3 46. Bg2 Bd8 47.
Be4 d3 48. exd3 f5 49. Bf3 Bxd3 50. Rbd1 Bb6+ 51. Kg2 Bb5 52. Rd5 Ba4 53. R1d3
Rc2+ 54. Rd2 Rc3 55. b5 Bc5 56. Rd7+ Kh6 57. Bc6 Be3 58. Re2 Rxc6 59. bxc6
Bxc6+ 60. Kf1 Bxd7 61. Rxe3 Bb5+ 62. Kf2 Kg7 63. Rb3 Bc4 64. Rb6 Kf7 65. Ke3
Bd5 66. Kd4 Bf3 67. Ke5 Kg7 68. Ra6 Kh6 69. Kf6 Bd5 70. Rd6 Bg8 71. Rd8 Bh7 72.
Rh8 1-0

[Event "GBR-ch108 Week One Open"]
[Site "Torquay"]
[Date "2022.08.12"]
[Round "7"]
[White "Smith, Mark P"]
[Black "Dignam, Matthew P"]
[Result "0-1"]
[WhiteElo "1850"]
[BlackElo "2080"]
[PlyCount "25"]
[EventDate "2022.08.08"]
[EventType "swiss"]
[EventRounds "7"]
[EventCountry "GBR"]
[SourceTitle "BritBase"]
[Source "John Saunders"]
[SourceDate "2021.06.05"]
[SourceVersion "1"]
[SourceVersionDate "2021.06.05"]
[SourceQuality "1"]

1. Nf3 d5 2. g3 Nd7 3. d4 Nb6 4. Bg2 Nf6 5. O-O c6 6. b3 h6 7. a4 a5 8. Ba3 g6
9. Nbd2 Bg7 10. Ne5 O-O 11. f4 Ng4 12. Nxg4 Bxg4 13. c3 0-1

[Event "GBR-ch108 Under 16"]
[Site "Torquay"]
[Date "2022.08.08"]
[Round "1"]
[White "Ali, Shahvez"]
[Black "Harandi, Teymour"]
[Result "1-0"]
[WhiteElo "1554"]
[BlackElo "1128"]
[PlyCount "97"]
[EventDate "2022.08.08"]
[EventType "swiss"]
[EventRounds "7"]
[EventCountry "GBR"]
[SourceTitle "BritBase"]
[Source "John Saunders"]
[SourceDate "2021.06.05"]
[SourceVersion "1"]
[SourceVersionDate "2021.06.05"]
[SourceQuality "1"]

1. d4 Nf6 2. Nf3 e6 3. c4 b6 4. g3 Bb7 5. Bg2 Nc6 6. O-O Be7 7. Nc3 O-O 8. e4
d6 9. Qe2 e5 10. Rd1 Qc8 11. Bg5 Re8 12. Bxf6 Bxf6 13. Nd5 Bd8 14. Rac1 exd4
15. Nxd4 Nxd4 16. Rxd4 Qe6 17. Qc2 Rc8 18. Rd2 Bxd5 19. cxd5 Qd7 20. a4 a5 21.
Bf1 Qg4 22. h3 Qf3 23. Rd3 Qh5 24. Rc3 Qg6 25. Bg2 h5 26. Qd3 Ra8 27. b3 Qf6
28. Qd2 Qg6 29. Re1 f6 30. Kh2 Kh8 31. h4 Re5 32. f4 Re8 33. Bh3 Rxe4 34. Qc2
f5 35. Bxf5 Qxf5 36. Qxe4 Qxe4 37. Rxe4 Bf6 38. Rxc7 Rb8 39. Rc6 b5 40. Re2
bxa4 41. bxa4 Rb4 42. Rxd6 Rxa4 43. Ra6 Ra1 44. d6 a4 45. Rd2 a3 46. d7 Bd8 47.
Ra8 a2 48. Rxd8+ Kh7 49. Ra8 1-0

[Event "GBR-ch108 Under 16"]
[Site "Torquay"]
[Date "2022.08.08"]
[Round "1"]
[White "Edwards, David M"]
[Black "Brooks, Tom"]
[Result "0-1"]
[WhiteElo "2197"]
[BlackElo "1696"]
[PlyCount "78"]
[EventDate "2022.08.08"]
[EventType "swiss"]
[EventRounds "7"]
[EventCountry "GBR"]
[SourceTitle "BritBase"]
[Source "John Saunders"]
[SourceDate "2021.06.05"]
[SourceVersion "1"]
[SourceVersionDate "2021.06.05"]
[SourceQuality "1"]

1. e4 c5 2. Nf3 d6 3. Bc4 e6 4. O-O Nf6 5. d3 Be7 6. Nc3 O-O 7. Be3 d5 8. exd5
exd5 9. Bb3 d4 10. Ne2 dxe3 11. fxe3 Nc6 12. d4 Na5 13. c4 Nxb3 14. Qxb3 Bd6
15. Rad1 Qe7 16. Qd3 Re8 17. dxc5 Bxc5 18. Ned4 Qxe3+ 19. Qxe3 Rxe3 20. Kh1 Bg4
21. Nc2 Re2 22. Nfe1 Ne4 23. Rb1 Nd2 24. Nd3 Nxf1 25. Rxf1 Rxc2 26. Nxc5 Rxb2
27. h3 Be2 28. Rf2 Rb1+ 29. Kh2 Bxc4 30. Ne4 h6 31. Nc3 Re1 32. Rb2 b6 33. Rb4
Be6 34. a3 Rc8 35. Nb5 Rc2 36. Rd4 Ree2 37. Nd6 Rxg2+ 38. Kh1 Rh2+ 39. Kg1 Bxh3
0-1

[Event "GBR-ch108 Under 16"]
[Site "Torquay"]
[Date "2022.08.08"]
[Round "1"]
[White "Gardner, Leo"]
[Black "Buckman, Cyrus"]
[Result "1-0"]
[WhiteElo "1420"]
[BlackElo "1218"]
[PlyCount "81"]
[EventDate "2022.08.08"]
[EventType "swiss"]
[EventRounds "7"]
[EventCountry "GBR"]
[SourceTitle "BritBase"]
[Source "John Saunders"]
[SourceDate "2021.06.05"]
[SourceVersion "1"]
[SourceVersionDate "2021.06.05"]
[SourceQuality "1"]

1. e4 d5 2. exd5 Nf6 3. Nf3 Bf5 4. d4 Nxd5 5. Bd3 Bxd3 6. Qxd3 c6 7. O-O e6 8.
c4 Nf6 9. h3 Nbd7 10. Nc3 Be7 11. Be3 O-O 12. Rad1 Nb6 13. b3 Bb4 14. Ne4 Nxe4
15. Qxe4 h6 16. Ne5 Bd6 17. Nd3 Bc7 18. f4 Qd6 19. Qf3 Rae8 20. c5 Qd5 21. cxb6
Qxf3 22. Rxf3 Bxb6 23. Nc5 Bxc5 24. dxc5 Rd8 25. Rff1 Rfe8 26. Rd6 Kf8 27. Rfd1
Ke7 28. Rxd8 Rxd8 29. Rxd8 Kxd8 30. Kf2 Ke7 31. Kf3 f5 32. Bd4 Kf7 33. g4 g6
34. g5 h5 35. Bf6 a6 36. Ke3 Kf8 37. Kd4 Ke8 38. Be5 Kd8 39. Bd6 Ke8 40. Ke5
Kf7 41. b4 1-0

[Event "GBR-ch108 Under 16"]
[Site "Torquay"]
[Date "2022.08.08"]
[Round "1"]
[White "Ismail, Mohammed Aayan"]
[Black "Sachdeva, Ronit"]
[Result "1-0"]
[WhiteElo "1956"]
[BlackElo "1327"]
[PlyCount "69"]
[EventDate "2022.08.08"]
[EventType "swiss"]
[EventRounds "7"]
[EventCountry "GBR"]
[SourceTitle "BritBase"]
[Source "John Saunders"]
[SourceDate "2021.06.05"]
[SourceVersion "1"]
[SourceVersionDate "2021.06.05"]
[SourceQuality "1"]

1. c4 c6 2. Nc3 Nf6 3. e4 e5 4. Nf3 d6 5. d4 Qc7 6. Be2 Be7 7. O-O O-O 8. h3
Nbd7 9. Be3 Rd8 10. Qc2 Nf8 11. Rad1 Ng6 12. Ne1 a6 13. Nd3 b5 14. cxb5 cxb5
15. Rc1 Bb7 16. Qb3 Qc4 17. Qd1 Qe6 18. d5 Qd7 19. Qb3 Re8 20. Nb4 Rec8 21. Rc2
Qd8 22. a4 a5 23. Nc6 Bxc6 24. dxc6 Rxc6 25. axb5 Rcc8 26. b6 Rab8 27. Ba6 Rc6
28. Nd5 Rxc2 29. Nxf6+ gxf6 30. Qxc2 Qd7 31. Qc7 Qd8 32. Rc1 Nf8 33. b7 Qxc7
34. Rxc7 d5 35. Ba7 1-0

[Event "GBR-ch108 Under 16"]
[Site "Torquay"]
[Date "2022.08.08"]
[Round "1"]
[White "Jithendra, Raina"]
[Black "Weersing, Abigail Riis"]
[Result "0-1"]
[WhiteElo "1342"]
[BlackElo "1620"]
[PlyCount "69"]
[EventDate "2022.08.08"]
[EventType "swiss"]
[EventRounds "7"]
[EventCountry "GBR"]
[SourceTitle "BritBase"]
[Source "John Saunders"]
[SourceDate "2021.06.05"]
[SourceVersion "1"]
[SourceVersionDate "2021.06.05"]
[SourceQuality "1"]

1. e4 e6 2. d4 d5 3. Nd2 dxe4 4. Nxe4 Nd7 5. Nf3 Ngf6 6. Nxf6+ Nxf6 7. Be3 Bd6
8. Bd3 O-O 9. O-O b6 10. h3 Bb7 11. c4 Qe7 12. Qe2 c5 13. Rac1 Rfd8 14. Rfd1
Rac8 15. b3 h6 16. Rc2 Nh5 17. Ne5 cxd4 18. Qxh5 dxe3 19. fxe3 Bc5 20. Qe2 Qg5
21. Nf3 Qxe3+ 22. Qxe3 Bxe3+ 23. Kf1 Bc5 24. Ke2 Rd6 25. Rcd2 Rcd8 26. Bc2 Kf8
27. Rxd6 Rxd6 28. Rf1 f6 29. g4 Ke7 30. Nd2 Bb4 31. Ne4 Rd4 32. Ke3 Bc5 33.
Nxc5 bxc5 34. Rb1 Bg2 35. b4 0-1

[Event "GBR-ch108 Under 16"]
[Site "Torquay"]
[Date "2022.08.08"]
[Round "1"]
[White "McCauley, Rohan"]
[Black "Liu, Jack"]
[Result "0-1"]
[WhiteElo "1176"]
[BlackElo "1417"]
[PlyCount "68"]
[EventDate "2022.08.08"]
[EventType "swiss"]
[EventRounds "7"]
[EventCountry "GBR"]
[SourceTitle "BritBase"]
[Source "John Saunders"]
[SourceDate "2021.06.05"]
[SourceVersion "1"]
[SourceVersionDate "2021.06.05"]
[SourceQuality "1"]

1. d4 Nf6 2. Nc3 d5 3. Bf4 e6 4. e3 c5 5. Nb5 Na6 6. c3 Be7 7. Nf3 O-O 8. a4
Bd7 9. Bd3 c4 10. Bc2 Bxb5 11. axb5 Nc7 12. Ba4 Nd7 13. h4 Nb6 14. Bc2 f5 15.
Ng5 Bxg5 16. hxg5 g6 17. Qf3 Nxb5 18. Qg3 Rf7 19. Kd2 a5 20. Qh2 a4 21. g4 Qe7
22. gxf5 exf5 23. Qh6 Qf8 24. Be5 Qxh6 25. Rxh6 Ra6 26. Rah1 Nd7 27. Bg3 a3 28.
bxa3 Nxa3 29. Bd1 Nb5 30. Bf3 Ra2+ 31. Kc1 Nxc3 32. R6h2 Ne4 33. Kb1 Ra5 34.
Rc1 Nd2+ 0-1

[Event "GBR-ch108 Under 16"]
[Site "Torquay"]
[Date "2022.08.08"]
[Round "1"]
[White "Pollack, Maximo"]
[Black "Fleri, Luke"]
[Result "0-1"]
[WhiteElo "1189"]
[BlackElo "1483"]
[PlyCount "106"]
[EventDate "2022.08.08"]
[EventType "swiss"]
[EventRounds "7"]
[EventCountry "GBR"]
[SourceTitle "BritBase"]
[Source "John Saunders"]
[SourceDate "2021.06.05"]
[SourceVersion "1"]
[SourceVersionDate "2021.06.05"]
[SourceQuality "1"]

1. e4 e5 2. Nc3 Nf6 3. f4 d6 4. Nf3 Nc6 5. Bb5 Bd7 6. d3 Nd4 7. Bxd7+ Qxd7 8.
O-O O-O-O 9. Nxd4 exd4 10. Ne2 c5 11. f5 d5 12. e5 Ng4 13. Bg5 Re8 14. Nxd4
Nxe5 15. Nf3 Qxf5 16. Nxe5 Qxe5 17. Re1 Qxe1+ 18. Qxe1 Rxe1+ 19. Rxe1 f6 20.
Bf4 Kd7 21. a4 g5 22. Bb8 a6 23. Rf1 Be7 24. Ba7 h5 25. d4 cxd4 26. Bxd4 Rf8
27. h4 f5 28. hxg5 Bxg5 29. Rd1 Kc6 30. b4 Re8 31. Kf2 Re4 32. g3 h4 33. gxh4
Bxh4+ 34. Kf3 Be7 35. c3 Bd6 36. Be3 Be5 37. Bd4 Bxd4 38. Rxd4 Kd6 39. Rd1 Rc4
40. Rd3 Ke5 41. Re3+ Re4 42. Rd3 d4 43. c4 f4 44. Rd2 Re3+ 45. Kf2 Ke4 46. b5
f3 47. b6 Rc3 48. Rd1 Rc2+ 49. Kf1 d3 50. c5 Rxc5 51. Re1+ Kf4 52. Re7 Rc1+ 53.
Kf2 Rc2+ 0-1

[Event "GBR-ch108 Under 16"]
[Site "Torquay"]
[Date "2022.08.08"]
[Round "1"]
[White "Srivastava, Arnav"]
[Black "Jayawarna, Tarini"]
[Result "1/2-1/2"]
[WhiteElo "1594"]
[BlackElo "1295"]
[PlyCount "78"]
[EventDate "2022.08.08"]
[EventType "swiss"]
[EventRounds "7"]
[EventCountry "GBR"]
[SourceTitle "BritBase"]
[Source "John Saunders"]
[SourceDate "2021.06.05"]
[SourceVersion "1"]
[SourceVersionDate "2021.06.05"]
[SourceQuality "1"]

1. d4 Nf6 2. Bf4 g6 3. e3 Bg7 4. Nf3 O-O 5. c4 d6 6. Be2 c5 7. Nc3 Qb6 8. Qb3
Qxb3 9. axb3 Nc6 10. O-O Nb4 11. Nb5 a6 12. Nc7 Ra7 13. dxc5 dxc5 14. Ne5 Bf5
15. Bf3 Ne4 16. g4 Nd2 17. Nb5 Bxe5 18. Bg2 Bxb2 19. Nxa7 Nxf1 20. Rxf1 Bd3 21.
Bxb7 Bxf1 22. Kxf1 Rd8 23. Nc6 Nxc6 24. Bxc6 Rd3 25. Ba4 Bc3 26. Ke2 Rd2+ 27.
Kf3 e6 28. Bg3 Kg7 29. h3 f6 30. Ke4 f5+ 31. gxf5 exf5+ 32. Kf3 Kf6 33. Bc7 Be5
34. Bb6 Bd6 35. Ba5 Rc2 36. Bc6 Kg5 37. Bd8+ Kh6 38. h4 Rd2 39. Bf6 Rd3 1/2-1/2

[Event "GBR-ch108 Under 16"]
[Site "Torquay"]
[Date "2022.08.08"]
[Round "1"]
[White "Tomy, Jeff"]
[Black "Jackson, Edward"]
[Result "1-0"]
[WhiteElo "1577"]
[BlackElo "1496"]
[PlyCount "69"]
[EventDate "2022.08.08"]
[EventType "swiss"]
[EventRounds "7"]
[EventCountry "GBR"]
[SourceTitle "BritBase"]
[Source "John Saunders"]
[SourceDate "2021.06.05"]
[SourceVersion "1"]
[SourceVersionDate "2021.06.05"]
[SourceQuality "1"]

1. d4 Nf6 2. c4 e6 3. g3 d5 4. Nf3 Be7 5. Bg2 O-O 6. O-O dxc4 7. Ne5 Nc6 8.
Bxc6 bxc6 9. Nxc6 Qe8 10. Nxe7+ Qxe7 11. Na3 c5 12. dxc5 Qxc5 13. Be3 Qh5 14.
f3 e5 15. Nxc4 Bh3 16. Re1 e4 17. Nd2 Rfd8 18. Qb3 a5 19. Rac1 Be6 20. Qa3 exf3
21. exf3 Nd5 22. Rc5 Qh3 23. Ne4 Nxe3 24. Qxe3 Bxa2 25. Rg5 Qe6 26. Qc3 Qb6+
27. Kg2 Qd4 28. Nf6+ Kf8 29. Nxh7+ Kg8 30. Nf6+ Kf8 31. Re8+ Rxe8 32. Qxd4 gxf6
33. Qxf6 Re2+ 34. Kf1 Rae8 35. Qg7+ 1-0

[Event "GBR-ch108 Under 16"]
[Site "Torquay"]
[Date "2022.08.09"]
[Round "2"]
[White "Badacsonyi, Frankie"]
[Black "Doyle, Jamie"]
[Result "1-0"]
[WhiteElo "1732"]
[BlackElo "1454"]
[PlyCount "129"]
[EventDate "2022.08.08"]
[EventType "swiss"]
[EventRounds "7"]
[EventCountry "GBR"]
[SourceTitle "BritBase"]
[Source "John Saunders"]
[SourceDate "2021.06.05"]
[SourceVersion "1"]
[SourceVersionDate "2021.06.05"]
[SourceQuality "1"]

1. d4 d5 2. c4 e6 3. Nc3 Nf6 4. Bg5 Be7 5. Nf3 O-O 6. e3 b6 7. cxd5 Nxd5 8.
Bxe7 Nxe7 9. Bd3 Bb7 10. O-O Nd7 11. Rc1 Rc8 12. Qe2 a5 13. Rfd1 Nf6 14. Bb1
Ng6 15. e4 Qe7 16. Qb5 Rfd8 17. h4 h6 18. g3 Nd7 19. Bd3 c6 20. Qb3 b5 21. Bf1
a4 22. Nxa4 c5 23. Nxc5 Nxc5 24. dxc5 Bxe4 25. Rxd8+ Qxd8 26. Bg2 Qd7 27. Qc3
Qd5 28. a3 Ne7 29. b4 Nf5 30. g4 Nd6 31. Ne1 Nc4 32. f3 Bg6 33. a4 Nd6 34. axb5
Nxb5 35. Qe3 f6 36. f4 Qd7 37. Nf3 Bf7 38. Kh2 Rd8 39. Rc2 Qc7 40. g5 Bg6 41.
Rd2 Re8 42. Kg1 hxg5 43. hxg5 Kf7 44. Nd4 Na7 45. Qf3 Re7 46. gxf6 gxf6 47. Bh3
f5 48. Rc2 Qd7 49. Qe3 Nc6 50. Rd2 Nxd4 51. Rxd4 Qa7 52. Bf1 Ke8 53. Qe5 Qa3
54. Bb5+ Kf7 55. Qe1 Qh3 56. Rd3 Qh6 57. Qg3 Qg7 58. Rd2 Ra7 59. Bf1 Qf8 60.
Qe3 Re7 61. b5 Kg8 62. Rg2 Kf7 63. b6 Qc8 64. Bb5 Rb7 65. Ba6 1-0

[Event "GBR-ch108 Under 16"]
[Site "Torquay"]
[Date "2022.08.09"]
[Round "2"]
[White "Brooks, Tom"]
[Black "Ali, Shahvez"]
[Result "1-0"]
[WhiteElo "1696"]
[BlackElo "1554"]
[PlyCount "77"]
[EventDate "2022.08.08"]
[EventType "swiss"]
[EventRounds "7"]
[EventCountry "GBR"]
[SourceTitle "BritBase"]
[Source "John Saunders"]
[SourceDate "2021.06.05"]
[SourceVersion "1"]
[SourceVersionDate "2021.06.05"]
[SourceQuality "1"]

1. e4 e6 2. d4 d5 3. Nd2 c5 4. Ngf3 Nc6 5. exd5 Qxd5 6. Bc4 Qd7 7. O-O Nxd4 8.
Nxd4 Qxd4 9. Qe2 Nf6 10. Nf3 Qd6 11. Rd1 Qc7 12. Bb5+ Bd7 13. Ne5 Bd6 14. Nxd7
Nxd7 15. Bxd7+ Qxd7 16. Bf4 Bxf4 17. Rxd7 Kxd7 18. Qb5+ Ke7 19. Qxb7+ Kf6 20.
Qf3 g5 21. g3 e5 22. gxf4 gxf4 23. Rd1 Rhg8+ 24. Kh1 Rab8 25. Qc6+ Kf5 26. Qd7+
Kf6 27. Rd6+ Kg7 28. Qe7 Rge8 29. Qf6+ Kg8 30. Rd7 Rf8 31. Qg5+ Kh8 32. Rxf7
Rxf7 33. Qxe5+ Kg8 34. Qxb8+ Kg7 35. Qe5+ Kg6 36. Qxc5 f3 37. h4 Rf5 38. Qd5
Re5 39. Qxe5 1-0